Escola de Teixits de Punt, Canet de Mar : primera i única escola d'aquesta especialitat a Espanya : fundada l'any 1921... primera i única escola d'aquesta especialitat a Espanya :
MARC
| LEADER | 00000nam a2200000Ia 4500 | ||
|---|---|---|---|
| 001 | 12617 | ||
| 008 | 160829s9999 xx 000 0 cat d | ||
| 080 | |a RF-8-54 | ||
| 100 | |a Escola de Teixits de Punt de Canet de Mar | ||
| 245 | |a Escola de Teixits de Punt, Canet de Mar : |b primera i única escola d'aquesta especialitat a Espanya : |b fundada l'any 1921... | ||
| 260 | |a Barcelona : |b (Tip. Occitània), [193?] | ||
| 300 | |a [9] p. : |b il. ; |c 25 cm | ||
| 590 | |a Abans del títol: Generalitat de Catalunya. | ||
| 590 | |a Prové de 4272, exp. 20. | ||
| 590 | |a Hi ha un duplicat a: DUP-73-9 | ||
| 610 | 2 | 0 | |a Escola de Teixits de Punt de Canet de Mar |9 53500 |
| 710 | 1 | |a Catalunya. |b Generalitat |9 12125 | |
| 856 | 4 | |u https://media.diba.cat/diba/fitxers/arxiu/fulletons/bib_12617_baixa.pdf |y Accés lliure | |
| 856 | 4 | |u https://media.diba.cat/diba/fitxers/arxiu/fulletons/bib_12617_baixa.pdf |y Accés lliure | |
| 901 | |a Arxiu | ||
| 942 | |n 1 |2 udc | ||
| 952 | |0 0 |1 0 |4 0 |6 RF854 |7 1 |9 53735 |a Arxiu |b Arxiu |d 2016-12-01 |l 0 |o RF-8-54 |p 12617 |r 2016-12-01 00:00:00 |w 2016-12-01 |y ARXIU | ||
| 999 | |c 57601 |d 57601 | ||
| 900 | |a bib_12617_baixa.pdf | ||